|
|
|
|
| LEADER |
00818nab a2200193 i 4500 |
| 001 |
misc7529 |
| 005 |
20191106144155.0 |
| 008 |
170607s1899 hu o 0|| hun d |
| 022 |
|
|
|a 0025-0260
|
| 040 |
|
|
|a SZTE Miscellanea Repozitórium
|b hun
|
| 041 |
|
|
|a hun
|
| 100 |
1 |
|
|a Waldapfel János
|
| 245 |
1 |
0 |
|a Über die ausserhalb der Schule liegenden Ursachen der Nervosität der Kinder, von Prof. Dr. A. Cramer
|h [elektronikus dokumentum] :
|b [könyvismertetés] /
|c Waldapfel János
|
| 260 |
|
|
|c 1899
|
| 300 |
|
|
|a 393-396
|
| 490 |
0 |
|
|a Magyar pedagógia : a Magyar Tudományos Akadémia Pedagógiai Bizottságának folyóirata
|v 8
|
| 695 |
|
|
|a Gyermekpszichológia - könyvismertetés, Gyermekek túlterhelése
|
| 700 |
0 |
1 |
|a Cramer August
|
| 856 |
4 |
0 |
|u http://misc.bibl.u-szeged.hu/7529/1/mp_1899_0622_393-396.pdf
|z Dokumentum-elérés
|